Applied simulated annealing
Saved in:
| Other Authors: | |
|---|---|
| Format: | Book |
| Language: | English |
| Published: |
Berlin : New York :
Springer-Verlag,
c1993
|
| Series: | Lecture notes in economics and mathematical systems ;
; 396 |
| Subjects: | |
| Tags: |
Add Tag
No Tags, Be the first to tag this record!
|
MARC
| LEADER | 00000cam a2200000 i 4500 | ||
|---|---|---|---|
| 001 | 1/29844 | ||
| 008 | 950728s1993 eng d | ||
| 020 | |a 354056229X ((Berlin : acid-free)) | ||
| 035 | |l 10023296 | ||
| 040 | |a GR-MY-UA |b gre |e aacr | ||
| 041 | 0 | |a eng | |
| 082 | 0 | |a 519.3 |2 (20) | |
| 245 | 1 | 0 | |a Applied simulated annealing / |c Rene V.V. Vidal (ed.) |
| 260 | |a Berlin : |a New York : |b Springer-Verlag, |c c1993 | ||
| 300 | |a viii, 358 p.; |b ill.; |c 25 cm | ||
| 490 | 1 | |a Lecture notes in economics and mathematical systems |v ; 396 | |
| 504 | |a Includes bibliographical references | ||
| 650 | 0 | 0 | |a Simulated annealing (Mathematics) |
| 700 | 1 | |a Vidal, Rene Victor Valqui. | |
| 830 | 0 | |a Lecture notes in economics and mathematical systems ; |v ; 396 | |
| 852 | |a INST |b CHIOS |e 19950728 |h 519.3 VID |p 005200003145 |q 005200003145 |t BK |y 0 | ||
| 909 | |a Χ |b 032193 | ||